Por la sabana de Bogotá y otras historias / (Registro nro. 15599)
[ vista simple ]
| 000 -LEADER | |
|---|---|
| fixed length control field | 01745nam a22003617a 4500 |
| 003 - CONTROL NUMBER IDENTIFIER | |
| control field | OSt |
| 005 - DATE AND TIME OF LATEST TRANSACTION | |
| control field | 20250820142053.0 |
| 008 - FIXED-LENGTH DATA ELEMENTS--GENERAL INFORMATION | |
| fixed length control field | 210915b2009 ck a|||er|||| 00| j spa d |
| 020 ## - INTERNATIONAL STANDARD BOOK NUMBER | |
| International Standard Book Number | 9789588471129 |
| 040 ## - CATALOGING SOURCE | |
| Original cataloging agency | CO-JMCR |
| Transcribing agency | CO-JMCR |
| 041 0# - LANGUAGE CODE | |
| Language code of text/sound track or separate title | spa |
| 082 04 - DEWEY DECIMAL CLASSIFICATION NUMBER | |
| Classification number | A-C |
| Item number | GROp |
| Edition number | 23 |
| 100 1# - MAIN ENTRY--PERSONAL NAME | |
| Personal name | Groot, José Manuel, |
| Relator term | autor |
| 9 (RLIN) | 40428 |
| 245 10 - TITLE STATEMENT | |
| Title | Por la sabana de Bogotá y otras historias / |
| Statement of responsibility, etc. | José Manuel Groot, Daniel Samper Ortega, Eduardo Castillo [y otros 2] ; ilustraciones de Olga Lucía García ; Selección de Beatriz Helena Robledo e introducción de Julio Paredes Castro |
| 250 ## - EDITION STATEMENT | |
| Edition statement | Primera edición |
| 260 ## - PUBLICATION, DISTRIBUTION, ETC. | |
| Place of publication, distribution, etc. | Bogotá : |
| Name of publisher, distributor, etc. | Alcaldía Mayor de Bogotá : Secretaría de Cultura, Recreación y Deporte : Fundación Gilberto Alzate Avendaño, |
| Date of publication, distribution, etc. | 2009 |
| 300 ## - PHYSICAL DESCRIPTION | |
| Extent | 77 páginas ; |
| Dimensions | 17 cm. |
| 490 0# - SERIES STATEMENT | |
| Series statement | Libro al viento ; |
| Volume/sequential designation | 59 |
| 505 0# - FORMATTED CONTENTS NOTE | |
| Title | Nos fuimos a Ubaque. Nos quedamos en Chipaque. Llegamos a Ubaque / |
| Statement of responsibility | José Manuel Groot |
| Title | Acuarela de la sabana / |
| Statement of responsibility | Daniel Samper Ortega |
| Title | El tesoro / |
| Statement of responsibility | Eduardo Castillo |
| Title | El aguinaldo / |
| Statement of responsibility | Gabriel Vélez |
| Title | Yerbabuena / |
| Statement of responsibility | José Alejandro Bermúdez |
| 650 14 - SUBJECT ADDED ENTRY--TOPICAL TERM | |
| Topical term or geographic name entry element | Cuentos colombianos |
| Chronological subdivision | Siglo XIX |
| 9 (RLIN) | 40429 |
| 650 24 - SUBJECT ADDED ENTRY--TOPICAL TERM | |
| Topical term or geographic name entry element | Historias bogotanas |
| 9 (RLIN) | 40430 |
| 650 24 - SUBJECT ADDED ENTRY--TOPICAL TERM | |
| Topical term or geographic name entry element | Literatura colombiana |
| 9 (RLIN) | 40431 |
| 650 24 - SUBJECT ADDED ENTRY--TOPICAL TERM | |
| Topical term or geographic name entry element | Ficción en la literatura |
| 9 (RLIN) | 40432 |
| 650 24 - SUBJECT ADDED ENTRY--TOPICAL TERM | |
| Topical term or geographic name entry element | Humor en la literatura |
| 9 (RLIN) | 40397 |
| 650 24 - SUBJECT ADDED ENTRY--TOPICAL TERM | |
| Topical term or geographic name entry element | Viajes en la literatura |
| 9 (RLIN) | 10007 |
| 650 24 - SUBJECT ADDED ENTRY--TOPICAL TERM | |
| Topical term or geographic name entry element | Navidad en la literatura |
| 9 (RLIN) | 2926 |
| 700 1# - ADDED ENTRY--PERSONAL NAME | |
| Personal name | Ortega, Daniel Samper, |
| Relator term | autor |
| 9 (RLIN) | 40433 |
| 700 1# - ADDED ENTRY--PERSONAL NAME | |
| Personal name | Castillo, Eduardo, |
| Relator term | autor |
| 9 (RLIN) | 40434 |
| 700 1# - ADDED ENTRY--PERSONAL NAME | |
| Personal name | García, Olga Lucía, |
| Relator term | ilustradora |
| 9 (RLIN) | 40435 |
| 700 1# - ADDED ENTRY--PERSONAL NAME | |
| Personal name | Robledo, Beatriz Helena, |
| Relator term | compiladora |
| 9 (RLIN) | 9479 |
| 700 1# - ADDED ENTRY--PERSONAL NAME | |
| Personal name | Paredes Castro, Julio, |
| Relator term | autor de introducción |
| 9 (RLIN) | 14038 |
| 942 ## - ADDED ENTRY ELEMENTS (KOHA) | |
| Source of classification or shelving scheme | Dewey Decimal Classification |
| Koha item type | Books |
| Withdrawn status | Lost status | Source of classification or shelving scheme | Damaged status | Not for loan | Collection code | Home library | Current library | Date acquired | Source of acquisition | Total Checkouts | Full call number | Barcode | Date last seen | Copy number | Price effective from | Koha item type | Total Renewals | Date last checked out |
|---|---|---|---|---|---|---|---|---|---|---|---|---|---|---|---|---|---|---|
| Dewey Decimal Classification | Fiction | Biblioteca Pública José María del Castillo y Rada | Biblioteca Pública José María del Castillo y Rada | 08/04/2021 | Donación | A-C GROp | 201811074 | 09/15/2021 | Ej.1 | 09/15/2021 | Books | |||||||
| Dewey Decimal Classification | Fiction | Biblioteca Pública José María del Castillo y Rada | Biblioteca Pública José María del Castillo y Rada | 08/04/2021 | Donación | 1 | C / GROp | 201811105 | 08/06/2025 | Ej.2 | 09/15/2021 | Books | 1 | 07/16/2025 |